00649nam a2200145 a 450000100100000000500170001000800410002704000250006824500830009326000730017630000350024950000970028495201050038199900170048600003862920201002031320.0130416s2004 dr ac 000 0 spa d aDO-SdBNPbspacBNPHU00aPlan estratégico (PEPS) de Muchachos y Muchachas con Don Bosco :b2010-2015. aSanto Domingo :bMuchachas y Muchachos con Don Bosco (MDB),c[20??]. a116 p. :bil.,retrs. ;c28 cm. aPlanificamos con los niños, niñas y adolescentes para hacer de sus derechos una realidad 0010718PDaPDbPDcHDd2013-04-16iLF1l0o p38629-10r2020-06-25w2020-06-25yLFPDZNo se presta c38119d38119